Central Library OPAC University of Rajshahi

এএইচএম কামারুজ্জামান / (Record no. 76406)

MARC details
000 -LEADER
fixed length control field 00735nam a22002177a 4500
001 - CONTROL NUMBER
control field 76406
003 - CONTROL NUMBER IDENTIFIER
rucl marc code BD-RjUL
005 - DATE AND TIME OF LATEST TRANSACTION
control field 20211209082833.0
008 - FIXED-LENGTH DATA ELEMENTS--GENERAL INFORMATION
fixed length control field 191202s2017 bg ||||| |||| 00| 0 ben d
020 ## - INTERNATIONAL STANDARD BOOK NUMBER
International Standard Book Number 9789849238126
035 ## - SYSTEM CONTROL NUMBER
System control number (BD-RjUL)76627
040 ## - CATALOGING SOURCE
Original cataloging agency BD-RjUL
Language of cataloging eng
Transcribing agency BD-RjUL
041 ## - LANGUAGE CODE
Language code of text/sound track or separate title eng
082 ## - DEWEY DECIMAL CLASSIFICATION NUMBER
Edition number 23
Classification number 954.9205092
Author mark and year SAA 2017
100 ## - MAIN ENTRY--PERSONAL NAME
Personal name সাবরিন, সালিম
9 (RLIN) 235884
245 ## - TITLE STATEMENT
Title এএইচএম কামারুজ্জামান /
Statement of responsibility, etc. সালিম সাবরিন
260 ## - PUBLICATION, DISTRIBUTION, ETC. (IMPRINT)
Place of publication, distribution, etc. ঢাকা :
Name of publisher, distributor, etc. উৎস প্রকাশন,
Date of publication, distribution, etc. ২০১৯
300 ## - PHYSICAL DESCRIPTION
Pagination ২০৮ পৃ. ;
Size ২২ সেমি.
650 ## - SUBJECT ADDED ENTRY--TOPICAL TERM
Topical term or geographic name as entry element Politicians
Geographic subdivision Bangladesh
Form subdivision Biography.
9 (RLIN) 235885
942 ## - ADDED ENTRY ELEMENTS (KOHA)
Source of classification or shelving scheme Dewey Decimal Classification
Koha item type Books
Holdings
Lost status Source of classification or shelving scheme Damaged status Not for loan Permanent Location Current Location Shelving location Date acquired Source of acquisition Cost, normal purchase price Total Checkouts Full call number Date last seen Copy number Koha item type
  Dewey Decimal Classification   Not For Loan Central Library, University of Rajshahi Central Library, University of Rajshahi Reading Room 24/09/2019 Vidyasagar, Rajshahi 470.00   B 954.9205092 SAA 2017 02/12/2019 C-1 Books